Culture Générale - Série 252 - Statistiques

Statistiques générales
  • Ce quiz a été pris 398 fois
  • Le résultat moyen est 6 sur 10
Statistiques - réponses
Question Réponse % Correct
Dans quelle ville peut-on visiter l'église de la Sagrada Familia réalisée par Gaudi ? Barcelone
93%
De quelle île méditerranéenne la ville de Cagliari est-elle la capitale ? La Sardaigne
91%
Combien de fois Roger Moore a-t-il incarné James Bond au cinéma ? 7
88%
Dans quel pays de l'ex-Yougoslavie se trouve la ville de Split ? La Croatie
86%
Dans quel art Claudio Monteverdi s'est-il illustré ? La musique
83%
Combien de colombes Mireille Mathieu voulait-elle qu'on nous donne en 77 ? 1 000
68%
Qui incarne l'inspecteur Nick Curran dans "Basic Instinct" en 1992 ? Michael Douglas
44%
De quel fleuve la Sambre est-elle un affluent ? La Meuse
38%
Qui est la fille de Samantha dans "Ma sorcière bien-aimée" ? Tabatha
26%
Quel poète a écrit : "Homme libre, toujours tu chériras la mer" ? Charles Baudelaire
24%
Aucun quiz correspondant
Distribution des résultats
% des personnes avec chaque résultat
Percentile par nombre de réponses
Votre historique - résultats
Vous n’avez pas pris ce quiz